000 00545nam a2200181Ia 4500
008 100917s9999 xx 000 0 und d
082 _b13591
100 _aजोशी शं. न.
245 _aपदें पोवाडे व लावण्या
260 _b---
_c1920
300 _a261
365 _b0
520 _aकविता
630 _aपदें पोवाडे व लावण्या
650 _aकविता
730 _aपदें पोवाडे व लावण्या
942 _cBOOK
999 _c618985
_d618982